|
|
|
|
| LEADER |
00000nam0a2200000 4500 |
| 001 |
319471 |
| 005 |
20231102003202.0 |
| 010 |
|
|
|a 9785170875528
|
| 035 |
|
|
|a (RuTPU)RU\TPU\book\344980
|
| 090 |
|
|
|a 319471
|
| 100 |
|
|
|a 20160601d2016 m y0rusy50 ca
|
| 101 |
1 |
|
|a rus
|c eng
|
| 102 |
|
|
|a RU
|
| 105 |
|
|
|a y z 000ay
|
| 200 |
1 |
|
|a Все совпадения случайны
|e [роман]
|e пер. с англ.
|f Р. Найт
|
| 210 |
|
|
|a Москва
|c АСТ
|d 2016
|
| 215 |
|
|
|a 288 с.
|
| 225 |
1 |
|
|a Психологический триллер
|
| 330 |
|
|
|a После переезда в новый дом Кэтрин Равенскрофт находит в спальне необычную книгу. Как она могла туда попасть? Ни сама Кэтрин, ни ее муж Роберт книгу не покупали. Начав читать, Кэтрин понимает, что главная героиня - это она сама, а трагические события, описываемые в романе, - темная тайна, которую знал только один человек, но он давно мертв. Прошлое вновь начинает преследовать Кэтрин, превращая ее жизнь в кошмар. И чтобы избавиться от него, ей придется заплатить слишком высокую цену...
|
| 606 |
1 |
|
|a Английская литература
|2 stltpush
|3 (RuTPU)RU\TPU\subj\29042
|9 52454
|
| 610 |
1 |
|
|a психологическая проза
|
| 610 |
1 |
|
|a мистика
|
| 610 |
1 |
|
|a романы
|
| 675 |
|
|
|a 82
|v 4
|
| 700 |
|
1 |
|a Найт
|b Р.
|g Рени
|
| 801 |
|
1 |
|a RU
|b 63413507
|c 20160601
|
| 801 |
|
2 |
|a RU
|b 63413507
|c 20161031
|g RCR
|
| 942 |
|
|
|c BK
|
| 959 |
|
|
|a 41/20160513
|d 1
|e 317,00
|f ХФ:1
|